Music Quiz

Random Music or Rock Quiz

Rock Band Logos Quiz Stats

 Plays Quiz not verified by Sporcle

Support Sporcle.
Go Orange.
Score 0/20 Timer 07:00
0 Plays Today
% Correct
Rolling Stones
90.1%
Nirvana
83.7%
Van Halen
76.4%
Foo Fighters
69.6%
Nine Inch Nails
66.9%
Ramones
64.9%
My Chemical Romance
53.8%
Queen
51.9%
Blink 182
47.4%
Prince
46.1%
% Correct
The Offspring
43.8%
Metallica
42.1%
Whitesnake
31.8%
Grateful Dead
31.5%
Twisted Sister
31.4%
Bon Jovi
27.4%
Green Day
27.4%
Good Charlotte
25.8%
Pearl Jam
22.2%
Rush
21.4%

You're not logged in!

Compare scores with friends on all Sporcle quizzes.
OR
Log In

From the Vault

Facebook Addicted Countries

by crover

We'd LIKE to ask these countries a few questions.
Remove Ads.
Support Sporcle.
Get the best of Sporcle when you Go Orange. This ad-free experience offers more features, more stats, and more fun while also helping to support Sporcle. Thank you for becoming a member.

Show Comments

Extras

Top Quizzes Today


Score Distribution

Your Account Isn't Verified!

In order to create a playlist on Sporcle, you need to verify the email address you used during registration. Go to your Sporcle Settings to finish the process.

Report this User

Report this user for behavior that violates our Community Guidelines.

Details: